Guests of the Sheik : an ethnography of an Iraqi village /

محفوظ في:

المؤلف الرئيسي: Fernea, Elizabeth Warnock, 1927-2008 (مؤلف)

التنسيق: كتاب

اللغة: English

منشور في: Garden City, N.Y. : Anchor books, 1969, c1965.

الطبعة: Anchor books ed.

سلاسل: A Doubleday Anchor book.

الموضوعات:

الوسوم: إضافة وسم

لا توجد وسوم, كن أول من يضع وسما على هذه التسجيلة!

رقم الطلب: DS70.7 .F4 1969

LEADER 00867namaa2200277 4500
001 20902
003 OSt
005 20260211080759.0
008 130303c19691965nyu 001 0 eng d
020 |a 0385014856 
040 |c ARCE Library 
043 |a -iq--- 
050 4 |a DS70.7 .F4 1969 
100 1 |a Fernea, Elizabeth Warnock,  |d 1927-2008,  |e author 
245 1 0 |a Guests of the Sheik :  |b an ethnography of an Iraqi village /  |c Elizabeth Warnock Fernea. 
250 |a Anchor books ed. 
264 1 |a Garden City, N.Y. :  |b Anchor books,  |c 1969, c1965. 
300 |a xii, 346 pages ;  |c 18 cm. 
490 0 |a A Doubleday Anchor book. 
500 |a Reprint of 1965 edition published by Doubleday, Garden City, N.Y. 
500 |a Includes index. 
650 0 |a Women  |z Iraq. 
651 0 |a Iraq  |x Social life and customs. 
901 |a reviewed 
942 |c BK  |2 lcc 
999 |c 18450  |d 18450